Luisinho e as andorinhas (Registo nº 2226)

Detalhes MARC
000 -Etiqueta do registo
Cabeçalho 00842nam a22002891 4500
005 - Identificador da versão
Campo de controlo 20240813121928.0
010 ## - Número internacional normalizado dos livros (ISBN)
Número (ISBN) 9726103495
021 ## - Número do Depósito Legal
Código do país PT
Número 163108/01
100 ## - Dados gerais de processamento
Dados gerais de processamento 20050515d2001 c y0pory5003 ba
102 ## - Pais de publicação ou produção
País de publicação Portugal
101 0# - Língua de publicação
Língua do texto, banda sonora, etc. Português
106 ## - Campo de dados codificados: material textual
Dados codificados do material textual r
105 ## - Campo de dados codificados: livros
Dados codificados dos livros a z 000yy
215 ## - Descrição física 
Indicação específica da natureza do documento e extensão da espécie 28, [1] p.
Outras indicações físicas muito il.
Dimensões 22 cm
200 1# - Titulo e menção de responsabilidade
Título próprio Luisinho e as andorinhas
Informação de outro título este menino que se chamou Beethoven
Primeira menção de responsabilidade Papiniano Carlos
Outras menções de responsabilidade il. Elsa Navarro
225 2# - Colecção 
Título próprio da colecção Palmo e meio
Indicação de volume 12
205 ## - Menção da edição
Menção da edição 1ª ed
210 ## - Publicação, Distribuição, etc. 
Lugar da edição, distribuição, etc. Porto
Nome do editor, distribuidor, etc. Campo das Letras
Data da publicação, distribuição, etc. 2001
606 ## - Nome comum usado como assunto
Número de registo de entrada de autoridade 0000029
Palavra de ordem Literatura portuguesa infantil
Subdivisão de assunto Conto
675 ## - Classificação Decimal Universal (CDU)
Notação 821.134.3-34
Edição
Língua da edição por
702 #1 - Nome de autor-pessoa física (responsabilidade secundária)
Número de registo de entrada de autoridade 0001045
Palavra de ordem Navarro
Outra parte do nome não tomada para palavra de ordem Elsa
Código de função Ilustrador / Técnico de desenho computorizado
700 #1 - Nome de autor-pessoa física (responsabilidade principal)
Número de registo de entrada de autoridade 0001044
Palavra de ordem Carlos
Outra parte do nome não tomada para palavra de ordem Papiniano
Datas 1918-
942 ## - Elementos de entrada adicionados (Koha)
Tipo de item no Koha Livro
Exemplares
Situação do levantamento Origin of item (home branch) (coded) Biblioteca de empréstimo Código de barras Cota Circulation type (not for loan) Tipo de documento Nota do exemplar Damaged status
  Biblioteca Escolar da Coca Maravilhas Biblioteca Escolar da Coca Maravilhas BECM6953/05 8POR CAR   Livro Sem mensagem